000 00375nam a2200157Ia 4500
008 230711s9999||||xx |||||||||||||| ||und||
020 _a0-7679-1574-7
041 _aENG
082 _a800
_bMA-H
100 _aMacdonald,Sarah
245 0 _aHoly cow : an Indian adventure
260 _c2004
_aNew Delhi
_bBroadway books
300 _a291
650 _aLiterature
942 _cBK
999 _c5232
_d5232